000 00651nam a2200181 a 4500
008 120416s1993 ||||||||||||||||| || u
020 _a0821323407
050 _aIBRD(06)CS/1993/9
110 _aWorld Bank
245 1 0 _aChina: the achievement and challenge of price reform
260 _aWashington, D. C.
_bWorld Bank
_c1993
300 _aix, 37p. : ill.
350 _a0.00
490 _aWorld Bank Country Study
650 _aPRICE REGULATION--CHINA
650 _aPRICES--GOVERNMENT POLICY--CHINA
995 _D0.00
_FCBU-MAIN LIBRARY (Kitwe)
_H1
_I0.00
_UAVAILABLE
_ZInternational Publications
999 _c37310
_d37310